Normale Ansicht MARC-Ansicht ISBD

Nations and nationalism (Titelsatznr. 16459)

[ MARC ]
MARC-Details
000 -Satzkennung
Kontrollfeld mit fester Länge 00486nam a22001931c 4500
001 - Kontrollnummer
Kontrollfeld 00022488162
008 - Feld mit fester Länge zur physischen Beschreibung - Allgemeine Angaben
Kontrollfeld mit fester Länge 051003s1984 gw |||| 000u eng d
020 ## - Internationale Standardbuchnummer
Internationale Standardbuchnummer 0631129928
Verknüpfung 0-631-12992-8
040 ## - Katalogisierungsquelle
Übertragungsstelle RU-10907106
003 - Kontrollnummer Identifier
Kontrollfeld RU-10907106
100 1# - Haupteintragung - Personenname
Personenname Gellner, Ernest
245 00 - Titel
Titel Nations and nationalism
250 ## - Ausgabebezeichnung
Ausgabebezeichnung Repr.
264 ## - Produktion, Veröffentlichung, Distribution, Herstellung und Urheberrechtsvermerk
Herstellungs-, Veröffentlichungs- Vertriebs-, Erzeugungsort Oxford :
Produzent, Herausgeber, Distributor, Hersteller Blackwell,
Datum der Herstellung, der Veröffentlichung, des Vertriebs oder des Urheberschutzvermerks 1984
300 ## - Physische Beschreibung
Umfang VIII, 150 S.
490 #0 - Gesamttitelangabe
Gesamttitelangabe New perspectives on the past
650 #0 - Nebeneintragung unter einem Schlagwort - Sachschlagwort
Sachschlagwort oder geografischer Name als Eintragungselement Nationalismus
942 ## - Zusätzliche Felder (Koha)
Koha-Medientyp Monographien
Exemplare
Ausgeschieden Verloren Klassifikation oder Aufstellungssystematik Beschädigt Nicht entleihbar Heimatbibliothek Aufenthaltsbibliothek Aufstellungsort Erwerbungsdatum Inventarnummer Signatur Barcode Letzte Aktivität Preis gültig von Koha-Medientyp
    Andere/Generische Klassifikation     MWN Osteuropa MWN Osteuropa Lesesaal - 1 03/10/2005 05-05437 W 10 B u Gel E00401506CBE1686 30/04/2020 22/03/2021 Monographien